[Event "18th Asia-ch (w)"]
[Site "Sharjah UAE"]
[Date "2014.04.17"]
[Round "1.1"]
[White "Nguyen Thi Thanh An"]
[Black "Tan Zhongyi"]
[Result "1-0"]
[WhiteElo "2237"]
[BlackElo "2488"]
[EventDate "2014.04.17"]
[PlyCount "123"]

1.d4 Nf6 2.c4 e6 3.Nf3 Bb4+ 4.Nbd2 d5 5.a3 Be7 6.e3 O-O 7.Qc2 Nbd7 8.b4 a5
9.b5 c5 10.Bb2 b6 11.cxd5 exd5 12.dxc5 bxc5 13.a4 Bb7 14.Be2 Bd6 15.O-O 
Re8 16.Rfd1 Qe7 17.Bf1 Rac8 18.Qf5 Qe6 19.Qxe6 fxe6 20.Nc4 Bc7 21.b6 dxc4 
22.bxc7 Rxc7 23.Bxc4 Nd5 24.Bb5 Bc6 25.Bxc6 Rxc6 26.e4 N5b6 27.Bc3 Ra8 28.
Rdb1 Rd6 29.Ne5 Nxe5 30.Bxe5 Rc6 31.Bc3 Ra7 32.Rb5 Nc4 33.f3 Rd7 34.Rc1 
Kf7 35.Kf2 Ra7 36.Ke2 Nb6 37.Ra1 Nd7 38.Rxa5 Rxa5 39.Bxa5 Ra6 40.Bc3 c4 
41.a5 Nc5 42.Rd1 Ra7 43.Rd4 Na4 44.Bb4 Nb2 45.Kd2 e5 46.Rd6 Rc7 47.Kc3 Nd3
48.Rb6 Ke8 49.a6 Kd7 50.Bd6 Rc6 51.Rxc6 Kxc6 52.a7 Kb7 53.Kxc4 Ne1 54.Bxe5
Kxa7 55.Bxg7 Kb7 56.Kd5 Kc7 57.Ke6 Nxg2 58.Bh6 Ne1 59.f4 Nf3 60.f5 Nd4+ 
61.Ke7 Nc6+ 62.Ke8 1-0

[Event "18th Asia-ch (w)"]
[Site "Sharjah UAE"]
[Date "2014.04.17"]
[Round "1.2"]
[White "Mongontuul, Batchujagijn"]
[Black "Hoang Thi Nhu Y"]
[Result "1/2-1/2"]
[WhiteElo "2432"]
[BlackElo "2207"]
[EventDate "2014.04.17"]
[PlyCount "45"]

1.d4 d5 2.Nf3 Nf6 3.Bf4 c5 4.e3 Bg4 5.Nc3 cxd4 6.exd4 Nc6 7.Be2 e6 8.O-O 
Bd6 9.Bxd6 Qxd6 10.Re1 O-O 11.a3 Bxf3 12.Bxf3 Rab8 13.Be2 Qf4 14.Nb5 Ne4 
15.Bf3 Ng5 16.Bg4 f5 17.Bh5 Ne4 18.Bf3 Ng5 19.Bh5 Ne4 20.Bf3 Ng5 21.Bh5 
Ne4 22.Bf3 Ng5 23.Bh5 1/2-1/2

[Event "18th Asia-ch (w)"]
[Site "Sharjah UAE"]
[Date "2014.04.17"]
[Round "1.3"]
[White "Gu Tianlu"]
[Black "Tania, Sachdev"]
[Result "0-1"]
[WhiteElo "2162"]
[BlackElo "2427"]
[EventDate "2014.04.17"]
[PlyCount "103"]

1.c4 e5 2.g3 Nf6 3.Bg2 d5 4.cxd5 Nxd5 5.Nc3 Nb6 6.Nf3 Nc6 7.O-O Be7 8.d3 
O-O 9.Be3 Bg4 10.Nd2 Qc8 11.Rc1 Bh3 12.a3 Bxg2 13.Kxg2 Nd4 14.Bxd4 exd4 
15.Nce4 Rd8 16.Nf3 c6 17.Qb3 Qf5 18.e3 dxe3 19.fxe3 Qd5 20.Qxd5 Rxd5 21.
Nf2 a5 22.e4 Rb5 23.Rc2 Na4 24.Nd1 Rd8 25.d4 Bf6 26.Re1 c5 27.e5 Be7 28.e6
fxe6 29.Rxe6 Bf6 30.Nc3 Rxb2 31.Rxb2 Nxb2 32.Rb6 cxd4 33.Nb1 Nc4 34.Rxb7 
d3 35.Nfd2 Nxd2 36.Nxd2 Bg5 37.Rb2 Bf6 38.Rb1 Rc8 39.Ne4 Rc2+ 40.Kf3 Be7 
41.Rb3 Ra2 42.Rxd3 Rxa3 43.Ke3 Rxd3+ 44.Kxd3 a4 45.h3 Kf7 46.Nc3 a3 47.Ke4
Ke6 48.Na2 Kd6 49.Kd4 Bf6+ 50.Ke4 Kc5 51.Kd3 Bb2 52.g4 0-1

[Event "18th Asia-ch (w)"]
[Site "Sharjah UAE"]
[Date "2014.04.17"]
[Round "1.4"]
[White "Karavade, Eesha"]
[Black "Derakhshani, Dorsa"]
[Result "1/2-1/2"]
[WhiteElo "2414"]
[BlackElo "2154"]
[EventDate "2014.04.17"]
[PlyCount "157"]

1.Nf3 Nf6 2.c4 e6 3.g3 c5 4.Bg2 Be7 5.O-O O-O 6.Nc3 d5 7.cxd5 exd5 8.d4 b6
9.Ne5 Bb7 10.dxc5 Bxc5 11.Nd3 Na6 12.Bg5 Be7 13.Qb3 Nc7 14.Nf4 Qe8 15.Bxf6
Bxf6 16.Ncxd5 Nxd5 17.Bxd5 Bxd5 18.Nxd5 Qxe2 19.Nxf6+ gxf6 20.Rfe1 Qh5 21.
Re7 Rfe8 22.Rae1 Rxe7 23.Rxe7 Kg7 24.Kg2 a6 25.a4 Rc8 26.Rb7 Rc6 27.h3 Qg6
28.Qd5 Rc5 29.Qd4 b5 30.a5 Rc4 31.Qd7 Rc2 32.Qe8 Qh5 33.Rd7 Rxb2 34.g4 Qg6
35.Rd8 Kh6 36.Rd6 Kg7 37.Rd8 Kh6 38.Qf8+ Qg7 39.Qa3 Re2 40.Rd6 Qg5 41.Rxa6
Qd5+ 42.Qf3 Qxf3+ 43.Kxf3 Ra2 44.Rxf6+ Kg7 45.Ra6 b4 46.Ra8 b3 47.a6 b2 
48.Rb8 Rxa6 49.Rxb2 Ra3+ 50.Kg2 Kg6 51.Rb5 f6 52.f3 Ra1 53.h4 Ra4 54.Kg3 
h6 55.h5+ Kg7 56.Rb7+ Kg8 57.Re7 Rb4 58.Re4 Rb5 59.Kf4 Kf7 60.Rc4 Ra5 61.
Rc7+ Kg8 62.Ke4 Rg5 63.Kd4 Re5 64.f4 Re1 65.Kd5 Rg1 66.Ke6 Rxg4 67.f5 Rg5 
68.Kxf6 Rxh5 69.Rc8+ Kh7 70.Ke6 Rh1 71.f6 Re1+ 72.Kf7 h5 73.Kf8 h4 74.f7 
Kg6 75.Rc6+ Kg5 76.Kg7 Re7 77.Rc1 h3 78.Kg8 Rxf7 79.Kxf7 1/2-1/2

[Event "18th Asia-ch (w)"]
[Site "Sharjah UAE"]
[Date "2014.04.17"]
[Round "1.5"]
[White "Tokhiryanova, Khulkar"]
[Black "Gomes, Mary Ann"]
[Result "1/2-1/2"]
[WhiteElo "2126"]
[BlackElo "2386"]
[EventDate "2014.04.17"]
[PlyCount "124"]

1.e4 c5 2.c3 Nf6 3.e5 Nd5 4.Nf3 Nc6 5.d4 cxd4 6.cxd4 e6 7.Bc4 Nb6 8.Bb3 d6
9.Bg5 Be7 10.Bxe7 Qxe7 11.O-O d5 12.Nc3 a6 13.Qd3 Bd7 14.a3 Na5 15.Bc2 
Nac4 16.Rfb1 Rc8 17.h3 Na8 18.Nd2 Nxd2 19.Qxd2 b5 20.Ne2 O-O 21.Qd3 g6 22.
Nf4 f6 23.exf6 Qxf6 24.g3 Nb6 25.b3 Rc7 26.Re1 Rfc8 27.Ra2 Rc3 28.Qd2 a5 
29.h4 a4 30.bxa4 bxa4 31.h5 g5 32.Nd3 Qxd4 33.Qxg5+ Qg7 34.Qd2 Nc4 35.Qd1 
Qd4 36.Qc1 Nd6 37.Qg5+ Qg7 38.Qf4 Nf7 39.Bb1 Rf8 40.Qb4 Ng5 41.Ne5 Rb3 42.
Qd6 Rxb1 43.Rxb1 Qxe5 44.Qxd7 Nf3+ 45.Kf1 Qxh5 46.Qxe6+ Kh8 47.Qe7 Qh1+ 
48.Ke2 Nd4+ 49.Kd3 Qxb1+ 50.Kxd4 Qd1+ 51.Ke5 Qf3 52.Rd2 h6 53.Kd4 Rf7 54.
Qe3 Qg4+ 55.f4 Qd7 56.Qe5+ Kh7 57.Rc2 Qa7+ 58.Rc5 Re7 59.Qf5+ Kg7 60.Qg4+ 
Kh7 61.Qf5+ Kg7 62.Qg4+ Kh7 1/2-1/2

[Event "18th Asia-ch (w)"]
[Site "Sharjah UAE"]
[Date "2014.04.17"]
[Round "1.6"]
[White "Abdumalik, Zhansaya"]
[Black "Xu Huahua"]
[Result "1-0"]
[WhiteElo "2379"]
[BlackElo "2110"]
[EventDate "2014.04.17"]
[PlyCount "61"]

1.e4 c5 2.Nf3 Nc6 3.d4 cxd4 4.Nxd4 g6 5.c4 Nf6 6.Nc3 Nxd4 7.Qxd4 d6 8.Be3 
Bg7 9.Be2 O-O 10.Qd2 Be6 11.O-O Qa5 12.Rac1 Rfc8 13.b3 a6 14.f4 b5 15.f5 
Bd7 16.Bd3 Bc6 17.Kh1 Rab8 18.Rc2 Nd7 19.Bg5 b4 20.Nd5 Bxd5 21.exd5 Re8 
22.h4 Nf6 23.Qf2 Ng4 24.Qg3 Ne5 25.h5 Nxd3 26.Qxd3 f6 27.h6 fxg5 28.hxg7 
gxf5 29.Qxf5 Kxg7 30.Qxg5+ Kh8 31.Rf7 1-0

[Event "18th Asia-ch (w)"]
[Site "Sharjah UAE"]
[Date "2014.04.17"]
[Round "1.7"]
[White "Khan, Nazrana"]
[Black "Soumya, Swaminathan"]
[Result "0-1"]
[WhiteElo "2027"]
[BlackElo "2336"]
[EventDate "2014.04.17"]
[PlyCount "120"]

1.d4 Nf6 2.c4 c5 3.d5 e6 4.dxe6 fxe6 5.Bg5 Be7 6.e3 O-O 7.Nf3 b6 8.Be2 Bb7
9.Nc3 d6 10.O-O Nbd7 11.Qc2 Qe8 12.Bh4 h6 13.Rad1 d5 14.cxd5 exd5 15.Qf5 
Bd6 16.Bd3 Ne4 17.Qh3 Nxc3 18.bxc3 Ne5 19.Bf5 Nxf3+ 20.gxf3 Kh8 21.c4 d4 
22.exd4 cxd4 23.Rfe1 Qh5 24.Bg4 Qc5 25.Re6 Rae8 26.Rde1 Rxe6 27.Rxe6 Kh7 
28.Qf1 Bc8 29.Qd3+ Kh8 30.Re4 Bxg4 31.fxg4 Be5 32.Bg3 Bf6 33.h3 Rc8 34.Bf4
Kg8 35.Kg2 Qxc4 36.Re8+ Kf7 37.Qxc4+ Rxc4 38.Ra8 Ra4 39.Bb8 a6 40.Ba7 b5 
41.Bc5 Rxa2 42.Ra7+ Ke6 43.Kf3 d3 44.Ke3 d2 45.Ke2 Bg5 46.Be3 Bxe3 47.fxe3
Kf6 48.Rb7 g6 49.h4 Ra4 50.Rb6+ Kf7 51.g5 h5 52.Rb7+ Kf8 53.Rb8+ Ke7 54.
Rb7+ Ke8 55.Rg7 Rxh4 56.Rxg6 Rh2+ 57.Kd1 a5 58.Rb6 a4 59.Rxb5 a3 60.g6 a2 
0-1

[Event "18th Asia-ch (w)"]
[Site "Sharjah UAE"]
[Date "2014.04.17"]
[Round "1.8"]
[White "Pourkashiyan, Atousa"]
[Black "Fuad Kamel Jamaliah, Natalie"]
[Result "1-0"]
[WhiteElo "2335"]
[BlackElo "2015"]
[EventDate "2014.04.17"]
[PlyCount "113"]

1.e4 c5 2.Nf3 d6 3.d4 cxd4 4.Nxd4 Nf6 5.Nc3 a6 6.Bc4 e6 7.O-O Be7 8.Bb3 
O-O 9.f4 Qc7 10.f5 e5 11.Nde2 b5 12.Nd5 Nxd5 13.Bxd5 Bb7 14.Nc3 Nd7 15.
Bxb7 Qxb7 16.Kh1 Nf6 17.Bg5 Rac8 18.Bxf6 Bxf6 19.Nd5 Rc4 20.Qd3 Rd4 21.Qf3
b4 22.c3 bxc3 23.bxc3 Rd2 24.Qe3 Rxd5 25.exd5 Qxd5 26.Qb6 Qd3 27.Rfd1 Qxc3
28.Qxa6 Rd8 29.Rac1 Qb2 30.Rc8 h6 31.Rxd8+ Bxd8 32.Qxd6 Bf6 33.Qd2 Qa3 34.
Re1 Qa6 35.Qe2 Qa5 36.Qf2 Qa4 37.Qb2 Qa5 38.Qb8+ Kh7 39.Qb1 Qa7 40.Re4 Qa3
41.Rc4 Qa6 42.Rb4 Qa3 43.Rb3 Qa5 44.Re3 Qa7 45.Qb3 Qd4 46.Re1 Qf2 47.Qb1 
Qa7 48.Re2 Qa3 49.Kg1 Qa4 50.g3 Qd4+ 51.Kg2 Qd5+ 52.Qe4 Qa5 53.a4 Qa6 54.
Ra2 Qa5 55.Kh3 Qa6 56.Kg2 Qa5 57.Qb7 1-0

[Event "18th Asia-ch (w)"]
[Site "Sharjah UAE"]
[Date "2014.04.17"]
[Round "1.9"]
[White "Dahdal, Lougain"]
[Black "Pham Le Thao Nguyen"]
[Result "1/2-1/2"]
[WhiteElo "2003"]
[BlackElo "2332"]
[EventDate "2014.04.17"]
[PlyCount "44"]

1.d4 d5 2.c4 c6 3.e3 Bf5 4.Qb3 Qc7 5.Nc3 e6 6.Nf3 h6 7.Bd2 Nd7 8.cxd5 exd5
9.Rc1 Qb6 10.Na4 Qxb3 11.axb3 Ngf6 12.b4 a6 13.Nc5 Rb8 14.Be2 Be7 15.O-O 
O-O 16.Be1 Rfe8 17.Nd2 Nf8 18.Ndb3 Ne6 19.Nd3 Bd6 20.Bc3 Nc7 21.Rfd1 Bg4 
22.Bxg4 Nxg4 1/2-1/2

[Event "18th Asia-ch (w)"]
[Site "Sharjah UAE"]
[Date "2014.04.17"]
[Round "1.10"]
[White "Gong Qianyun"]
[Black "Bayar Anu"]
[Result "1-0"]
[WhiteElo "2327"]
[BlackElo "2002"]
[EventDate "2014.04.17"]
[PlyCount "101"]

1.e4 c5 2.Nf3 g6 3.c3 Bg7 4.d4 cxd4 5.cxd4 d5 6.e5 Bf5 7.Bb5+ Nd7 8.Nc3 a6
9.Be2 e6 10.h3 h5 11.Bg5 Qb6 12.Qd2 f6 13.Be3 Qa5 14.exf6 Ngxf6 15.O-O O-O
16.Nh4 b5 17.a3 Qd8 18.Bg5 Qb6 19.Rad1 Nh7 20.Be3 Qd8 21.Nxf5 Rxf5 22.Bd3 
Rf6 23.f4 Nb6 24.b3 Qd6 25.g4 hxg4 26.hxg4 Nf8 27.a4 bxa4 28.Nxa4 Nxa4 29.
bxa4 Rf7 30.Kg2 Rb7 31.Rb1 Rab8 32.a5 Bf6 33.Rxb7 Rxb7 34.Rb1 Rxb1 35.Bxb1
Bd8 36.Qc3 Kg7 37.Bd2 Nd7 38.Qd3 Nf8 39.g5 Qc6 40.Bc2 Be7 41.Qb3 Kf7 42.
Bd3 Bd8 43.Kf3 Bc7 44.Qc3 Qb7 45.Bxa6 Qxa6 46.Qxc7+ Kg8 47.Kf2 Qd3 48.Qc3 
Qxc3 49.Bxc3 Kf7 50.a6 Nd7 51.Ba5 1-0

[Event "18th Asia-ch (w)"]
[Site "Sharjah UAE"]
[Date "2014.04.17"]
[Round "1.11"]
[White "Saleh, Nora Mohd"]
[Black "Ni Shiqun"]
[Result "0-1"]
[WhiteElo "1901"]
[BlackElo "2325"]
[EventDate "2014.04.17"]
[PlyCount "54"]

1.d4 Nf6 2.Nf3 g6 3.Bf4 Bg7 4.Nbd2 O-O 5.e3 d6 6.h3 Re8 7.Be2 Nbd7 8.O-O 
e5 9.Bh2 e4 10.Ne1 Nf8 11.c4 h5 12.b4 Bf5 13.Nb3 N6h7 14.Rc1 Ng5 15.Kh1 
Qe7 16.d5 Be5 17.Nd4 Bc8 18.Qd2 Bxh2 19.Kxh2 h4 20.Bg4 Bxg4 21.hxg4 Nd7 
22.Rc3 Qe5+ 23.Kg1 Nf6 24.f4 exf3 25.gxf3 Nxg4 26.fxg4 Ne4 27.Qc2 Nxc3 0-1

[Event "18th Asia-ch (w)"]
[Site "Sharjah UAE"]
[Date "2014.04.17"]
[Round "1.12"]
[White "Kharisma Sukandar, Irine"]
[Black "Assaubaeva, Bibissara"]
[Result "1-0"]
[WhiteElo "2319"]
[BlackElo "1891"]
[EventDate "2014.04.17"]
[PlyCount "107"]

1.e4 c5 2.Nf3 d6 3.d4 cxd4 4.Nxd4 Nf6 5.Nc3 a6 6.Be3 e5 7.Nb3 Be6 8.Nd5 
Nxd5 9.exd5 Bf5 10.c4 Nd7 11.Qd2 a5 12.a4 b6 13.Nc1 Nc5 14.Be2 Be7 15.O-O 
O-O 16.Ra3 Ne4 17.Qd1 Bg5 18.Na2 Bxe3 19.Rxe3 Qg5 20.Nc3 Nxc3 21.Rxc3 Bg6 
22.Qb3 Rab8 23.Rg3 Qd2 24.Re3 Bc2 25.Qa3 Qb4 26.Ra1 Qxa3 27.Rexa3 Bf5 28.
b4 Rfc8 29.Rb3 Bd7 30.Kf1 Kf8 31.Ke1 Ke7 32.Kd2 Ra8 33.Kc3 b5 34.axb5 a4 
35.Rba3 Bxb5 36.R1a2 Rc7 37.Kd2 Bd7 38.b5 Rca7 39.Kc3 Kd8 40.Kb4 Kc7 41.c5
dxc5+ 42.Kxc5 Kb7 43.d6 Rc8+ 44.Kb4 Rc1 45.Rxa4 Rb1+ 46.Kc5 Rc1+ 47.Rc4 
Rxc4+ 48.Bxc4 Rxa2 49.Bxa2 f6 50.Bd5+ Kb8 51.Bc6 Be6 52.d7 Kc7 53.b6+ Kd8 
54.b7 1-0

[Event "18th Asia-ch (w)"]
[Site "Sharjah UAE"]
[Date "2014.04.17"]
[Round "1.13"]
[White "Al-Najjar, Huda"]
[Black "Nguyen Thi Mai Hung"]
[Result "0-1"]
[WhiteElo "1845"]
[BlackElo "2312"]
[EventDate "2014.04.17"]
[PlyCount "75"]

1.e4 e6 2.Nc3 d5 3.Nf3 Nf6 4.e5 Nfd7 5.d4 c5 6.Bf4 Nc6 7.Bb5 Qb6 8.Bxc6 
bxc6 9.Rb1 cxd4 10.Qxd4 c5 11.Qd2 Bb7 12.Qe2 Ba6 13.Qd2 Be7 14.a4 O-O 15.
b3 Rad8 16.Ne2 f6 17.O-O fxe5 18.Nxe5 Bxe2 19.Nxd7 Rxd7 20.Rfe1 Bg4 21.h3 
Bf5 22.g4 Bxc2 23.Qxc2 Rxf4 24.Re2 Bf6 25.b4 Rc4 26.Qd3 cxb4 27.Rbe1 Rc3 
28.Qd2 Qd4 29.Qxd4 Bxd4 30.Rxe6 Rxh3 31.Kg2 Ra3 32.g5 Ra2 33.R1e2 Rxe2 34.
Rxe2 Kf7 35.f4 b3 36.Kf3 b2 37.Re1 Rc7 38.Rh1 0-1

[Event "18th Asia-ch (w)"]
[Site "Sharjah UAE"]
[Date "2014.04.17"]
[Round "1.14"]
[White "Khademalsharieh, Sarasadat"]
[Black "Shyngys Kyzy, Aijarkyn"]
[Result "1-0"]
[WhiteElo "2292"]
[BlackElo "1768"]
[EventDate "2014.04.17"]
[PlyCount "101"]

1.d4 d5 2.c4 c6 3.Nf3 Nf6 4.e3 e6 5.b3 Nbd7 6.Bb2 Ne4 7.Bd3 Bb4+ 8.Nbd2 f5
9.O-O O-O 10.a3 Bd6 11.a4 Ndf6 12.Ba3 Nxd2 13.Qxd2 Ne4 14.Qc2 Bxa3 15.Rxa3
Bd7 16.Ne5 Qe7 17.Raa1 Be8 18.c5 Rf6 19.f4 Rh6 20.Bxe4 fxe4 21.b4 Qh4 22.
g3 Qe7 23.Rab1 a6 24.Rf2 Bh5 25.b5 axb5 26.axb5 cxb5 27.Rxb5 Be8 28.Rb1 
Rf6 29.Kg2 Bc6 30.Rb6 Qc7 31.Qb1 Rff8 32.Ra2 Rfb8 33.Rab2 Rc8 34.Qd1 Ra3 
35.Qh5 Qe7 36.Kf2 Ra7 37.g4 Ra3 38.g5 Ra7 39.g6 h6 40.Nxc6 bxc6 41.Rxc6 
Rxc6 42.Rb8+ Qf8 43.Rxf8+ Kxf8 44.Qe5 Rb7 45.Kg3 Rb3 46.Kh4 Rb2 47.h3 Rb7 
48.f5 Rcc7 49.fxe6 Ke8 50.Qxd5 Re7 51.Qxe4 1-0

[Event "18th Asia-ch (w)"]
[Site "Sharjah UAE"]
[Date "2014.04.18"]
[Round "2.1"]
[White "Tania, Sachdev"]
[Black "Kharisma Sukandar, Irine"]
[Result "1/2-1/2"]
[WhiteElo "2427"]
[BlackElo "2319"]
[EventDate "2014.04.17"]
[PlyCount "116"]

1.d4 Nf6 2.c4 e6 3.Nf3 b6 4.g3 Bb4+ 5.Bd2 Bxd2+ 6.Qxd2 Ba6 7.b3 c6 8.Nc3 
d5 9.e4 Nxe4 10.Nxe4 dxe4 11.Ng5 c5 12.Bg2 Nc6 13.dxc5 Qxd2+ 14.Kxd2 f5 
15.Nxe6 Kf7 16.Nf4 Rad8+ 17.Kc3 bxc5 18.f3 e3 19.Nd3 Bb7 20.Nxc5 Rd2 21.
Nxb7 Rxg2 22.Rhe1 e2 23.Kd3 Ne5+ 24.Ke3 Rxh2 25.Rxe2 f4+ 26.gxf4 Nxc4+ 27.
Kd3 Rxe2 28.Kxe2 Nb6 29.Rd1 Ke6 30.Kf2 Rc8 31.a4 Rc7 32.Nd8+ Kf5 33.Kg3 h5
34.a5 Nd7 35.Rd5+ Kf6 36.f5 Ne5 37.Ne6 Rc3 38.Nd4 h4+ 39.Kxh4 Nxf3+ 40.
Nxf3 Rxf3 41.Kg4 Rxb3 42.Rd6+ Ke7 43.Ra6 Rb7 44.Re6+ Kf7 45.Rc6 Rb1 46.a6 
Ra1 47.Kf4 Ke7 48.Kg5 Rg1+ 49.Kf4 Ra1 50.Re6+ Kf7 51.Rd6 Ke7 52.Rc6 Ra2 
53.Ke5 Ra5+ 54.Ke4 Ra4+ 55.Kd5 Ra5+ 56.Kc4 Kd7 57.Rg6 Rxf5 58.Rxg7+ Kc6 
1/2-1/2

[Event "18th Asia-ch (w)"]
[Site "Sharjah UAE"]
[Date "2014.04.18"]
[Round "2.2"]
[White "Nguyen Thi Mai Hung"]
[Black "Abdumalik, Zhansaya"]
[Result "0-1"]
[WhiteElo "2312"]
[BlackElo "2379"]
[EventDate "2014.04.17"]
[PlyCount "41"]

1.d4 Nf6 2.Nf3 g6 3.Bg5 Bg7 4.Nbd2 d5 5.e3 O-O 6.Bd3 Nbd7 7.O-O c5 8.c3 b6
9.Qe2 Bb7 10.Rfd1 a6 11.e4 cxd4 12.cxd4 dxe4 13.Nxe4 Re8 14.Ne5 Nf8 15.Bc4
Nd5 16.Bh4 Ne6 17.Rac1 Rc8 18.Qd2 b5 19.Bf1 Rxc1 20.Rxc1 Nb6 21.Nc6 0-1

[Event "18th Asia-ch (w)"]
[Site "Sharjah UAE"]
[Date "2014.04.18"]
[Round "2.3"]
[White "Soumya, Swaminathan"]
[Black "Khademalsharieh, Sarasadat"]
[Result "0-1"]
[WhiteElo "2336"]
[BlackElo "2292"]
[EventDate "2014.04.17"]
[PlyCount "20"]

1.e4 e5 2.Nf3 Nc6 3.Bb5 f5 4.Nc3 fxe4 5.Nxe4 Nf6 6.Nxf6+ Qxf6 7.Qe2 Be7 8.
Bxc6 bxc6 9.Nxe5 Qe6 10.d4 Bf6 0-1

[Event "18th Asia-ch (w)"]
[Site "Sharjah UAE"]
[Date "2014.04.18"]
[Round "2.4"]
[White "Hoang Thi Bao Tram"]
[Black "Pourkashiyan, Atousa"]
[Result "1/2-1/2"]
[WhiteElo "2280"]
[BlackElo "2335"]
[EventDate "2014.04.17"]
[PlyCount "50"]

1.Nf3 Nf6 2.g3 d5 3.Bg2 c6 4.b3 Bg4 5.Bb2 Nbd7 6.O-O e6 7.d3 Be7 8.Nbd2 
O-O 9.c4 a5 10.a3 Re8 11.h3 Bh5 12.Ra2 Bd6 13.Qa1 e5 14.g4 Bg6 15.Nh4 d4 
16.Nxg6 hxg6 17.Re1 Nf8 18.Nf1 Ne6 19.Bc1 Nh7 20.e3 dxe3 21.Bxe3 Qh4 22.
Nd2 f5 23.Nf3 Qf6 24.Rae2 Kf7 25.Bd2 Nf4 1/2-1/2

[Event "18th Asia-ch (w)"]
[Site "Sharjah UAE"]
[Date "2014.04.18"]
[Round "2.5"]
[White "Swathi, Ghate"]
[Black "Gong Qianyun"]
[Result "1/2-1/2"]
[WhiteElo "2269"]
[BlackElo "2327"]
[EventDate "2014.04.17"]
[PlyCount "24"]

1.e4 e6 2.d4 d5 3.Nc3 Bb4 4.e5 c5 5.a3 Bxc3+ 6.bxc3 Qa5 7.Bd2 Qa4 8.Qb1 c4
9.Ne2 f6 10.exf6 Nxf6 11.Ng3 Nc6 12.Be2 Qa5 1/2-1/2

[Event "18th Asia-ch (w)"]
[Site "Sharjah UAE"]
[Date "2014.04.18"]
[Round "2.6"]
[White "Ni Shiqun"]
[Black "Nguyen Thi Thanh An"]
[Result "1/2-1/2"]
[WhiteElo "2325"]
[BlackElo "2237"]
[EventDate "2014.04.17"]
[PlyCount "44"]

1.e4 c5 2.Nf3 Nc6 3.Bb5 e6 4.O-O Nge7 5.Re1 a6 6.Bf1 d5 7.exd5 Nxd5 8.d4 
Nf6 9.Be3 Be7 10.c4 cxd4 11.Nxd4 Nxd4 12.Bxd4 O-O 13.Nc3 Bd7 14.Qd3 Bc6 
15.Rad1 Qd6 16.Qe2 Qf4 17.Be5 Qg4 18.Qe3 Rfd8 19.h3 Qg6 20.a3 Nd7 21.Bd6 
Bxd6 22.Rxd6 Nf8 1/2-1/2

[Event "18th Asia-ch (w)"]
[Site "Sharjah UAE"]
[Date "2014.04.18"]
[Round "2.8"]
[White "Hoang Thi Nhu Y"]
[Black "Karavade, Eesha"]
[Result "1-0"]
[WhiteElo "2207"]
[BlackElo "2414"]
[EventDate "2014.04.17"]
[PlyCount "43"]

1.d4 Nf6 2.c4 e6 3.Nc3 Bb4 4.Qc2 b6 5.a3 Bxc3+ 6.Qxc3 Bb7 7.Nf3 d6 8.g3 
O-O 9.Bg2 Nbd7 10.O-O c5 11.b4 Rc8 12.Bb2 d5 13.dxc5 bxc5 14.cxd5 Bxd5 15.
b5 Nb6 16.a4 Nc4 17.e4 Nxb2 18.exd5 Nxa4 19.Rxa4 Nxd5 20.Qd3 Qc7 21.Ng5 
Nf6 22.Bc6 1-0

[Event "18th Asia-ch (w)"]
[Site "Sharjah UAE"]
[Date "2014.04.18"]
[Round "2.9"]
[White "Gomes, Mary Ann"]
[Black "Dahdal, Lougain"]
[Result "1-0"]
[WhiteElo "2386"]
[BlackElo "2003"]
[EventDate "2014.04.17"]
[PlyCount "40"]

1.Nf3 Nf6 2.g3 b6 3.Bg2 Bb7 4.O-O e6 5.c4 c5 6.b3 d6 7.Bb2 Be7 8.Nc3 a6 9.
d4 cxd4 10.Qxd4 Nbd7 11.Rad1 Qc7 12.e4 O-O 13.Qe3 Rfe8 14.Nd4 Rac8 15.Kh1 
Ng4 16.Qe2 h5 17.h3 Ngf6 18.f4 Qb8 19.Nf3 Nc5 20.Ng5 Qa8 1-0

[Event "18th Asia-ch (w)"]
[Site "Sharjah UAE"]
[Date "2014.04.18"]
[Round "2.10"]
[White "Pham Le Thao Nguyen"]
[Black "Tokhiryanova, Khulkar"]
[Result "0-1"]
[WhiteElo "2332"]
[BlackElo "2126"]
[EventDate "2014.04.17"]
[PlyCount "102"]

1.d4 f5 2.Nf3 Nf6 3.g3 g6 4.Bg2 Bg7 5.O-O O-O 6.b3 d6 7.Bb2 Qe8 8.c4 h6 9.
Nc3 Na6 10.d5 e5 11.dxe6 Bxe6 12.Nd4 c6 13.e3 Rd8 14.Nxe6 Qxe6 15.Ne2 Nc5 
16.Qc2 Nce4 17.Rad1 Rfe8 18.Nf4 Qf7 19.Nd3 Kh7 20.b4 h5 21.Bd4 a6 22.Bb6 
Rd7 23.a4 Bh6 24.Bd4 Rde7 25.c5 dxc5 26.Nxc5 Nd5 27.Rb1 Bg7 28.Nxe4 fxe4 
29.Bxg7 Qxg7 30.Rfc1 Qe5 31.Qb3 Rf8 32.b5 cxb5 33.axb5 Qf5 34.Rb2 a5 35.
Rc5 Re5 36.b6 Rf6 37.Rxa5 Rc6 38.Ra1 Nxb6 39.h4 Rec5 40.Kh2 Rc3 41.Qd1 Qe5
42.Ra7 Rd3 43.Rxb7+ Kh6 44.Qa1 Rd7 45.Rxd7 Nxd7 46.Qb1 Nf6 47.Rb4 Ng4+ 48.
Kg1 Qf5 49.Rb2 Qc8 50.Bf1 Rc1 51.Qa2 Ne5 0-1

[Event "18th Asia-ch (w)"]
[Site "Sharjah UAE"]
[Date "2014.04.18"]
[Round "2.11"]
[White "Tan Zhongyi"]
[Black "Saleh, Nora Mohd"]
[Result "1-0"]
[WhiteElo "2488"]
[BlackElo "1901"]
[EventDate "2014.04.17"]
[PlyCount "36"]

1.c4 e5 2.Nc3 Nf6 3.g3 Bb4 4.Bg2 Nc6 5.Nd5 a5 6.e3 d6 7.Ne2 Nxd5 8.cxd5 
Ne7 9.O-O Bc5 10.b3 O-O 11.Bb2 Ng6 12.Rc1 Bb6 13.Rc4 Bf5 14.d3 Bd7 15.a4 
Qe7 16.d4 e4 17.Rc2 Bg4 18.h3 Bxe2 1-0

[Event "18th Asia-ch (w)"]
[Site "Sharjah UAE"]
[Date "2014.04.18"]
[Round "2.12"]
[White "Assaubaeva, Bibissara"]
[Black "Gu Tianlu"]
[Result "1/2-1/2"]
[WhiteElo "1891"]
[BlackElo "2162"]
[EventDate "2014.04.17"]
[PlyCount "89"]

1.e4 c5 2.Nf3 e6 3.d4 cxd4 4.Nxd4 Nc6 5.Nc3 Qc7 6.Be3 a6 7.Be2 Nf6 8.O-O 
Be7 9.f4 d6 10.Kh1 O-O 11.Qe1 Nxd4 12.Bxd4 b5 13.a3 Bb7 14.Bd3 Rac8 15.Qg3
Bc6 16.Rae1 Qb7 17.Bxf6 Bxf6 18.e5 dxe5 19.fxe5 Be7 20.Ne4 Bxe4 21.Rxe4 
Qd5 22.Rg4 g6 23.h4 Rc5 24.Re1 f5 25.Rxg6+ Kh8 26.Rh6 Rg8 27.Qf3 Qxf3 28.
gxf3 Rg6 29.Rxg6 hxg6 30.Kg2 Bxh4 31.Rh1 g5 32.f4 Kg7 33.b4 Rd5 34.a4 bxa4
35.fxg5 Bxg5 36.Ra1 Rxe5 37.Rxa4 Bd2 38.Bxa6 f4 39.Bb7 Re2+ 40.Kf3 Re3+ 
41.Kf2 Rc3 42.Be4 Rc4 43.Bd3 Rxb4 44.Rxb4 Bxb4 45.Kf3 1/2-1/2

[Event "18th Asia-ch (w)"]
[Site "Sharjah UAE"]
[Date "2014.04.18"]
[Round "2.13"]
[White "Xu Huahua"]
[Black "Al-Najjar, Huda"]
[Result "1-0"]
[WhiteElo "2110"]
[BlackElo "1845"]
[EventDate "2014.04.17"]
[PlyCount "37"]

1.e4 c5 2.Nf3 a6 3.Nc3 d6 4.d4 cxd4 5.Nxd4 g6 6.Be3 Bg7 7.Qd2 Nc6 8.f3 e6 
9.O-O-O d5 10.exd5 exd5 11.Nb3 Nge7 12.Nxd5 Nxd5 13.Qxd5 Qf6 14.Bd4 Qf4+ 
15.Kb1 Be6 16.Qc5 Nxd4 17.Nxd4 Rd8 18.c3 Qe3 19.Bd3 1-0

[Event "18th Asia-ch (w)"]
[Site "Sharjah UAE"]
[Date "2014.04.18"]
[Round "2.14"]
[White "Shyngys Kyzy, Aijarkyn"]
[Black "Khan, Nazrana"]
[Result "1-0"]
[WhiteElo "1768"]
[BlackElo "2027"]
[EventDate "2014.04.17"]
[PlyCount "64"]

1.d4 d5 2.c4 e6 3.Nc3 Nf6 4.Nf3 Be7 5.Qc2 O-O 6.e3 Nbd7 7.b3 c5 8.cxd5 
exd5 9.Bd3 cxd4 10.exd4 Re8 11.O-O Nf8 12.Bf4 Bg4 13.Bb5 Bd7 14.Ne5 Bxb5 
15.Nxb5 Rc8 16.Qd3 Qa5 17.Bd2 Bb4 18.Bxb4 Qxb4 19.a3 Qe7 20.Nxa7 Ra8 21.
Nb5 Ne6 22.Rac1 Nxd4 23.Qxd4 Qxe5 24.Qb4 Rab8 25.Rfe1 Qb2 26.Nd6 Re2 27.
Rxe2 Qxc1+ 28.Re1 Qc6 29.Nf5 Qd7 30.Qf4 Re8 31.Rd1 Qe6 32.Ne3 h6 1-0

[Event "18th Asia-ch (w)"]
[Site "Sharjah UAE"]
[Date "2014.04.19"]
[Round "3.1"]
[White "Abdumalik, Zhansaya"]
[Black "Khademalsharieh, Sarasadat"]
[Result "1/2-1/2"]
[WhiteElo "2379"]
[BlackElo "2292"]
[EventDate "2014.04.17"]
[PlyCount "155"]

1.e4 e5 2.Nf3 Nc6 3.Bb5 a6 4.Ba4 Nge7 5.O-O g6 6.c3 Bg7 7.d4 exd4 8.cxd4 
O-O 9.Nc3 b5 10.Bb3 d6 11.Nd5 Nxd5 12.Bxd5 Bb7 13.Re1 Qd7 14.Be3 Na5 15.
Bxb7 Nxb7 16.Rc1 Rfe8 17.Qd3 Rac8 18.b4 Qe6 19.Nd2 c5 20.d5 Qd7 21.a3 c4 
22.Qc2 Qe7 23.f3 Qf6 24.Nb1 g5 25.Rcd1 Qg6 26.Bd4 Be5 27.g3 h5 28.Rf1 
Bxd4+ 29.Rxd4 Re5 30.Kh1 f5 31.Nc3 Rf8 32.f4 fxe4 33.Nxe4 Qf7 34.Rg1 Ree8 
35.Nxg5 Qg7 36.Rdd1 Nd8 37.Rde1 Kh8 38.h4 Qg8 39.Qd1 Qg6 40.Rxe8 Qxe8 41.
Re1 Qg6 42.Qd4+ Kg8 43.Re2 Nf7 44.Ne6 Qg4 45.Rf2 Rc8 46.Qe4 c3 47.Kg2 Rc4 
48.Qd3 Nh6 49.Nd4 Qg7 50.Nc2 Qh7 51.Qf3 Nf5 52.Re2 Rc7 53.Kf2 Kf8 54.Qd3 
Qf7 55.Re6 Rc4 56.Re4 Rc8 57.Re2 Rc7 58.Ke1 Qg6 59.Nd4 c2 60.Rxc2 Rxc2 61.
Nxc2 Qxg3+ 62.Qxg3 Nxg3 63.Ne3 Ne4 64.Ke2 Kf7 65.Kf3 Nd2+ 66.Ke2 Ne4 67.
Kd3 Ng3 68.Nc2 Nf5 69.Nd4 Nxd4 70.Kxd4 Kf6 71.Ke4 Kg6 72.f5+ Kf7 73.Kf3 
Ke7 74.Ke4 Kf7 75.Kf4 Kf6 76.Ke4 Ke7 77.f6+ Kxf6 78.Kf4 1/2-1/2